Angrenzende Länder - Statistiken

Allgemein
  • Dieses Quiz wurde 321 mal gespielt
    286 seit der letzten Aktualisierung
  • Das Durchschnittsergebnis liegt bei 5 aus 6
Antwortstatistiken
Kontinent Angrenzend an... Land % Korrekt
Asien Indien Pakistan | China | Nepal | Bhutan | Myanmar | Bangladesch
96%
Afrika Sudan Ägypten | Eritrea | Äthiopien | Kenia | Uganda | Südsudan | Tschad | Libyen | Zentralafrikanische Republik
93%
Südamerika Venezuela Guyana | Brasilien | Kolumbien
91%
Europa Serbien Rumänien | Bulgarien | Nordmazedonien | Kosovo | Montenegro | Bosnien-Herzegowina | Kroatien | Ungarn
85%
Nordamerika USA Kanada | Mexiko
67%
Australien und Ozeanien Papua-Neuguinea Indonesien
65%
Keine übereinstimmenden Quizze gefunden
Verteilung der Resultate
Anzahl Personen mit jedem Resultat
Perzentil nach korrekt beantworteten Fragen
Ihre Resultats-Entwicklung
Sie haben dieses Quiz seit der letzten Aktualisierung nicht gespielt